Mini encyclopedia, science / (Record no. 8540)
[ view plain ]
| 000 -LEADER | |
|---|---|
| fixed length control field | 02132nam a22002177a 4500 |
| 001 - CONTROL NUMBER | |
| control field | 8540 |
| 003 - CONTROL NUMBER IDENTIFIER | |
| control field | FISKH |
| 005 - DATE AND TIME OF LATEST TRANSACTION | |
| control field | 20250918142303.0 |
| 008 - FIXED-LENGTH DATA ELEMENTS--GENERAL INFORMATION | |
| fixed length control field | 250918b cb ||||| |||| 00| 0 eng d |
| 020 ## - INTERNATIONAL STANDARD BOOK NUMBER | |
| International Standard Book Number | 9781782094487 |
| 040 ## - CATALOGING SOURCE | |
| Original cataloging agency | FISKH |
| Language of cataloging | eng |
| Transcribing agency | FISKH |
| Modifying agency | FISKH |
| 082 ## - DEWEY DECIMAL CLASSIFICATION NUMBER | |
| Classification number | 500 |
| 100 ## - MAIN ENTRY--PERSONAL NAME | |
| Personal name | Gallagher, Belinda |
| 245 ## - TITLE STATEMENT | |
| Title | Mini encyclopedia, science / |
| 260 ## - PUBLICATION, DISTRIBUTION, ETC. | |
| Place of publication, distribution, etc. | Essex : |
| Name of publisher, distributor, etc. | Miles Kelly, |
| Date of publication, distribution, etc. | 2010. |
| 300 ## - PHYSICAL DESCRIPTION | |
| Extent | 384 pages : |
| Other physical details | color illustrations ; |
| Dimensions | 17 cm |
| 520 ## - SUMMARY, ETC. | |
| Summary, etc. | Mini Encyclopedia Rocks and Fossils is the mini book crammed with masses of knowledge about rocks, minerals and fossils. This compact, comprehensive children's encyclopedia uses clear, bulleted facts and incredible info panels to explain everything from the formation of rocks to how they change over time and who studies them. Every topic is supported by photographs, realistic artwork and detailed diagrams, and colour-coded sections make navigation through the topics easy and quick. A perfect introduction to rocks and fossils books for kids who want a deeper understanding, Mini Encyclopedia Rocks and Fossils is small enough to slot into school bags, making this a fantastic resource for school projects and homework at late elementary/middle school levels. Chapters and some examples of topics included in Mini Encyclopedia Rocks and Fossils: # Rocks: Igneous rocks, Metamorphic rocks, Limestone, Granite, Coal and Marble# Minerals: Gemstones, Quartz, Opal, Fool's gold, Sapphire and amber# Fossils: Extinction, Evolution, Anthropods, Molluscs, Dinosaurs Incredible facts about rocks and fossils to amaze kids: # Some of the most delicate organic remains that have been fossilized include the feathers of primitive birds, the wings of dragonflies and the leaves of plants.# The first nine minerals on Mohs scale have roughly the same gap between them - that is, corundum is nine times harder than talc. Diamond, however, the tenth mineral on the scale, is 40 times harder than talc.# The oldest rocks to be radiometrically dated are more than 3900 million years old. |
| 650 ## - SUBJECT ADDED ENTRY--TOPICAL TERM | |
| Topical term or geographic name entry element | Science & Nature |
| Form subdivision | Reference |
| 942 ## - ADDED ENTRY ELEMENTS (KOHA) | |
| Source of classification or shelving scheme | Dewey Decimal Classification |
| Koha item type | Books |
| Suppress in OPAC | No |
| Withdrawn status | Lost status | Source of classification or shelving scheme | Damaged status | Not for loan | Collection | Home library | Current library | Shelving location | Date acquired | Total Checkouts | Full call number | Barcode | Date last seen | Copy number | Price effective from | Koha item type |
|---|---|---|---|---|---|---|---|---|---|---|---|---|---|---|---|---|
| Dewey Decimal Classification | Reference | Footprints International School Library Network Toul Kork Campus | Footprints International School Library Network Toul Kork Campus | Librarian's Shelf TK | 09/18/2025 | GAL 500 PZ7 | 2025-4425 | 09/18/2025 | 1 | 09/18/2025 | Books |
